مع فرس النهر على ضفاف النيل / (رقم التسجيلة. 36180)

تفاصيل مارك
000 -LEADER
fixed length control field 00678nam a22002057a 4500
005 - DATE AND TIME OF LATEST TRANSACTION
control field 20251108165952.0
008 - FIXED-LENGTH DATA ELEMENTS--GENERAL INFORMATION
fixed length control field 250721s1998 xx 000 0 ara d
082 14 - DEWEY DECIMAL CLASSIFICATION NUMBER
Classification number ط/599.5/بجي
100 1# - MAIN ENTRY--PERSONAL NAME
Personal name البجيرمي، سامي
Relator term مؤلف
245 10 - TITLE STATEMENT
Title مع فرس النهر على ضفاف النيل /
264 1# - PRODUCTION, PUBLICATION, DISTRIBUTION, MANUFACTURE, AND COPYRIGHT NOTICE
Place of production, publication, distribution, manufacture القاهرة :
Name of producer, publisher, distributor, manufacturer دار الرشاد،
Date of production, publication, distribution, manufacture, or copyright notice 1998.
300 ## - PHYSICAL DESCRIPTION
Extent 15ص.
490 0# - SERIES STATEMENT
Series statement سفينة الأصدقاء
Volume/sequential designation 4
650 17 - SUBJECT ADDED ENTRY--TOPICAL TERM
Topical term or geographic name as entry element الحيوانات المائية
650 17 - SUBJECT ADDED ENTRY--TOPICAL TERM
Topical term or geographic name as entry element الثديات المائية
653 ## - INDEX TERM--UNCONTROLLED
Uncontrolled term اطفال مرحلة متوسطة (6-9) سنوات
700 1# - ADDED ENTRY--PERSONAL NAME
Personal name فايد، محمد
Relator term رسم
942 ## - ADDED ENTRY ELEMENTS (KOHA)
Source of classification or shelving scheme Dewey Decimal Classification
Koha item type كتب
المقتنيات
حالة السحب حالة الفقدان مصدر التصنيف حالة التلف غير قابل للإعارة المكتبة الرئيسية المكتبة الحالية موقع الرف تاريخ التزويد الرقم المتسلسل Total Checkouts رقم الإستدعاء الباركود تاريخ آخر ظهور تاريخ الفاتورة نوع المادة (كوها)
    Dewey Decimal Classification     مكتبة البشائر للأطفال مكتبة البشائر للأطفال الإعارة 21/05/2015 265105   ط/599.5/بجي PLD00325704 28/07/2025 21/05/2015 كتب
    Dewey Decimal Classification     مكتبة قتيبة للأطفال مكتبة قتيبة للأطفال الأطفال 05/11/2017 1665895   ط/599.5/بجي PLD00409281 28/07/2025 05/11/2017 كتب
    Dewey Decimal Classification     مكتبة أم قصير والمقابلين العامة مكتبة أم قصير والمقابلين العامة الأطفال 22/10/2014 365123   ط/599.5/بجي PLD00354201 28/07/2025 22/10/2014 كتب
    Dewey Decimal Classification     مكتبة الاميرة بديعة مكتبة الاميرة بديعة الأطفال 27/06/2015 365115   ط/599.5/بجي PLD00334316 28/07/2025 27/06/2015 كتب
    Dewey Decimal Classification     مكتبة البراءة للأطفال مكتبة البراءة للأطفال الأطفال 23/09/2013 365106   ط/599.5/بجي PLD00279541 28/07/2025 23/09/2013 كتب
    Dewey Decimal Classification     مكتبة الراية الهاشمية للأطفال مكتبة الراية الهاشمية للأطفال الأطفال 04/01/2003 1460956   ط/599.5/بجي PLD00358947 28/07/2025 04/01/2003 كتب
    Dewey Decimal Classification     مكتبة الياسمين للأطفال مكتبة الياسمين للأطفال الأطفال 25/03/2014 365104   ط/599.5/بجي PLD00296436 28/07/2025 25/03/2014 كتب
    Dewey Decimal Classification     مكتبة حمزة العامة مكتبة حمزة العامة الأطفال 15/05/2018 1668394   ط/599.5/بجي PLD00421102 28/07/2025 15/05/2018 كتب
    Dewey Decimal Classification     مكتبة صويلح العامة مكتبة صويلح العامة الأطفال 28/08/2019 365120   ط/599.5/بجي PLD00465005 28/07/2025 28/08/2019 كتب
Implemented & Customized by: BBB with SCIT (Smart Chains for Information Technology)

Powered by Koha